Statistics for Netflix Series

Click here to take the quiz!

General Stats

  • This quiz has been taken 138 times
  • The average score is 9 of 25

Answer Stats

HintAnswer% Correct
When a young boy vanishes, a small town uncovers a mystery involving secret experiments, terrifying supernatural forces and one strange little girl.Stranger Things
95%
A teenage boy with a sex therapist mother teams up with a high school classmate to set up an underground sex therapy clinic at school.Sex Education
67%
While navigating the troubled waters of romance, school and family, Archie and his gang become entangled in dark mysteries of their town.Riverdale
64%
Follows the political rivalries and romance of Queen Elizabeth II's reign and the events that shaped the second half of the twentieth century.The Crown
64%
Mr. Morningstar has decided he's had enough of being the dutiful servant in Hell and decides to spend some time on Earth to better understand humanity. He settles in Los Angeles - the City of Angels.Lucifer
63%
Follows teenager boy, in his quest to uncover the story behind his classmate and crush, and her decision to end her life.13 Reasons Why
57%
An unusual group of robbers attempt to carry out the most perfect robbery in Spanish history - stealing 2.4 billion euros from the Royal Mint of Spain.Money Heist
53%
When three working-class teenagers begin attending an exclusive private school in Spain, the clash between them and the wealthy students leads to murder.Elite
47%
A chronicled look at the criminal exploits of Colombian drug lord Pablo Escobar, as well as the many other drug kingpins who plagued the country through the years.Narcos
45%
James is 17 and is pretty sure he is a psychopath. Alyssa, also 17, is the cool and moody new girl at school. The pair make a connection and she persuades him to embark on a road trip in search of her real father.The End of the Fucking World
41%
On the shores of paradise, gorgeous singles meet and mingle. But there's a twist. To win a $100,000 grand prize, they'll have to give up sex.Too Hot to Handle
38%
After their father is murdered under mysterious circumstances, the three siblings and their mother move into their ancestral home, Keyhouse, which they discover is full of magical keys that may be connected to their father's death.Locke and Key
34%
When everyone else mysteriously vanishes from their wealthy town, the teen residents of West Ham must forge their own society to survive.The Society
34%
Four people and their otherworldly frienemy struggle in the afterlife to define what it means to be good.The Good Place
30%
A dangerously charming, intensely obsessive young man goes to extreme measures to insert himself into the lives of those he is transfixed by.You
28%
Three suburban mothers suddenly find themselves in desperate circumstances and decide to stop playing it safe and risk everything to take their power back.Good Girls
22%
A ruthless, genius Congressman works with his equally conniving wife to exact revenge on the people who betrayed him.House of Cards
22%
An anthology series exploring a twisted, high-tech multiverse where humanity's greatest innovations and darkest instincts collide.Black Mirror
19%
A post-apocalyptic thriller set in near-future Brazil, where a select few are allowed to join a privileged society after undergoing an intense and competitive process.3%
14%
A low-level Cabinet member becomes President of the United States after a catastrophic attack kills everyone above him in the line of succession.Designated Survivor
14%
Charting the rise of the 1990's Chicago Bulls, led by Michael Jordan, one of the most notable dynasties in sports history.The Last Dance
12%
Story of a young ultra-Orthodox Jewish woman who flees her arranged marriage and religious community to start a new life abroad.Unorthodox
10%
Based on the life of the Israeli spy, Eli Cohen.The Spy
5%
The human stories on both sides of the Israel-Palestine conflict.Fauda
4%
Astronaut Niko Breckenridge and her young crew face unimaginable danger as they go on a high-risk mission to explore the genesis of an alien artifact.Another Life
3%

Score Distribution

Percentile by Number Answered

Percent of People with Each Score

Your Score History

You have not taken this quiz